| 000 | 00622nam a2200181 a 4500 | ||
|---|---|---|---|
| 001 | 000003220 | ||
| 005 | 20200929150350.0 | ||
| 008 | 090707s2009 dr 000 0 spa d | ||
| 020 | _a9789945408225 | ||
| 040 |
_aDO-SdBNP _bspa _cBNPHU |
||
| 082 |
_a277 _bM672e |
||
| 100 | 1 |
_aMiranda, Roberto S. _910162 |
|
| 245 | 1 | 0 |
_aEn la tierra de los peregrinos : _bla Iglesia Evangélica Hispana y su llamado redentor / _cRoberto S. Miranda. |
| 260 |
_aSanto Domingo, : _bArgos : _aRío Piedra, Puerto Rico : _bPalabras y más, _c2009. |
||
| 300 |
_a296 p. ; _c22 cm. |
||
| 500 | _aIncluye índice | ||
| 650 | 4 |
_aIglesia pentecostal _91445 |
|
| 999 |
_c3051 _d3051 |
||